Państwa na których flagach znajdują się zwierzęta lub stworzenia - Statystyki

Ogólne statystyki
  • Ten quiz został rozwiązany 292 razy
    284 od ostatniego zresetowania
  • Średni wynik to 9 z 24
Statystyki odpowiedzi
Odpowiedź % Poprawnych
Meksyk
63%
Bhutan
55%
Hiszpania
52%
Albania
49%
Dominika
48%
Andorra
45%
Mołdawia
44%
Sri Lanka
44%
Egipt
43%
Papua Nowa Gwinea
41%
Uganda
36%
Czarnogóra
35%
Ekwador
35%
Kiribati
34%
Serbia
34%
Zambia
32%
Kazachstan
31%
Zimbabwe
31%
Peru
28%
Boliwia
25%
Gwatemala
25%
Chorwacja
24%
Fidżi
19%
Wenezuela
19%
Nie znaleziono quizów pasujących do podanych kryteriów
Rozkład punktacji
Procent ludzi z każdym wynikiem
Percentyl według liczby udzielonych odpowiedzi
Twoja historia wyników
Nie rozwiązałeś tego quizu od ostatniego zresetowania